The Legend of Zelda: Breath of the Wild - Dungeons - Statistics

General Stats
  • This quiz has been taken 440 times
    417 since last reset
  • The average score is 5 of 8
Answer Stats
Answer % Correct
Vah Ruta
97%
Vah Medoh
95%
Vah Naboris
94%
Vah Rudania
93%
Hyrule Castle
44%
Yiga Clan Hideout
22%
Final Trial
21%
Trial of the Sword
21%
No matching quizzes found
Score Distribution
Percent of People with Each Score
Percentile by Number Answered
Your Score History
You have not taken this quiz since the last reset